00457ntaaa2200157 45000030003000000050017000030080021000200400037000410820017000781000033000952450036001282500053001643000016002175000051002336500015002840120251027201547.00714s1973 ag 01  aAR-BaBNbspacAR-BaBNeaacrdRIC a230.0000 B38 aBeckwith, Clarence Agustine  aRealities of Christian Theology a1 ed. : bHoughton, Mifflin and Company, cc/906 axiv, 406 p. aAn interpretation of the Christian experience. aTeología